000 00401nam a2200169Ia 4500
999 _c12404
_d12404
003 OSt
005 20200603111808.0
008 190723s9999 xx 000 0 und d
020 _a978-81-224-2603-8
040 _cMAJU
100 _aM.R.Srinivasan
245 0 _aPhysics for Engineers
250 _a2rd
260 _aNew Delhi
_bNew Age International
_c2013
300 _a736
942 _cBK
_2ddc